Top 10 Highest Rice Producing Countries - Statistics

General Stats
  • This quiz has been taken 29 times
  • The average score is 9 of 10
Answer Stats
Country % Correct
China
100%
India
93%
Vietnam
90%
Indonesia
86%
Thailand
86%
Cambodia
83%
Pakistan
83%
Philippines
83%
Bangladesh
79%
Myanmar
76%
No matching quizzes found
Score Distribution
Percent of People with Each Score
Percentile by Number Answered
Your Score History
You have not taken this quiz